| 000 | 00857cam a2200277 a 4500 | ||
|---|---|---|---|
| 001 | 000019728 | ||
| 005 | 20200929170122.0 | ||
| 008 | 780607s1968 sp 001 d spa d | ||
| 035 | _a(DLC) 75555220 | ||
| 040 |
_aDO-SdBNP _cDLC _dDLC _dBNPHU |
||
| 082 |
_a862.3 _bM722p, 1968 |
||
| 100 | 1 |
_aMolina, Tirso de, _d1571?-1648 _936187 |
|
| 245 | 1 | 3 |
_aLa prudencia en la mujer / _cTirso de Molina. |
| 250 | _a7a ed. | ||
| 260 |
_aMadrid : _bEspasa-Calpe, _c1968. |
||
| 300 |
_a177, [18] p. ; _c18 cm. |
||
| 490 | 1 |
_aAustral. Gris: clásicos _v369 |
|
| 500 | _aIncluye índice de autores. | ||
| 650 | 4 |
_aTeatro español _93071 |
|
| 650 | 4 |
_aLiteratura española _ySIGLO XVII _915578 |
|
| 740 | 0 | _aEl condenado por desconfiado | |
| 830 | 0 |
_aAustral. _pGris: clásicos; _v369 _98199 |
|
| 910 | _aCatalogación derivada / LC | ||
| 910 | _aWM | ||
| 049 | _aBNGR | ||
| 999 |
_c19242 _d19242 |
||